000 00769nam a2200253Ia 4500
003 OSt
005 20220928113646.0
006 a|||||r|||| 00| 0
007 ta
008 220927b |||||||| |||| 00| 0 eng d
020 _cUKP 105.00
024 _a141779
037 _b1777, 08/01/2020, Bright Book Service
_cTextual
040 _aSDCL
_cSDCL
_beng
041 _2eng
_aeng
082 _aR6xM63, Q9
100 _aGregg Stephen E.
_9434313
245 0 _aSwami vivekananda and non-hindu traditions
_b A universal advaita
260 _aNew York
_b Routledge
_c2019
300 _avii,260p.
_ccm.
650 _aEnglish
942 _hR6xM63, Q9
_cTEXL
_2CC
999 _c750660
_d750660